[Event "SWE-chT 0405"]
[Site "Sweden"]
[Date "2005.??.??"]
[Round "6"]
[White "Brontz, Alexander"]
[Black "Bjork, Carl Magnus"]
[Result "0-1"]
[WhiteElo "2111"]
[BlackElo "2471"]
[PlyCount "50"]
[EventDate "2004.11.05"]
[EventType "team"]
[EventRounds "11"]
[EventCountry "SWE"]
[SourceTitle "EXT 2006"]
[Source "ChessBase"]
[SourceDate "2005.11.24"]
[SourceVersion "1"]
[SourceVersionDate "2005.11.24"]
[SourceQuality "1"]
[WhiteTeam "Farsta"]
[BlackTeam "Stockholm Rockaden"]
[WhiteTeamCountry "SWE"]
[BlackTeamCountry "SWE"]

1. d4 Nf6 2. c4 e6 3. Nc3 Bb4 4. Qc2 Nc6 5. Nf3 d6 6. Bd2 0-0 7. e4 e5 8. d5 Nd4 9. Qd3 Re8 10. h3 c5 11. g4 a6 12. Bg2 b5 13. cxb5 axb5 14. 0-0 c4 15. Qb1 h5 16. gxh5 Nxf3+ 17. Bxf3 Bxh3 18. Rd1 Ng4 19. Bxg4 Bxg4 20. Kg2 Qf6 21. f4 exf4 22. Rf1 f3+ 23. Kg3 Bxh5 24. Be3 Qg6+ 25. Kf2 Qg2+ 0-1

[Event "SWE-chT 0102"]
[Site "Sweden"]
[Date "2002.03.17"]
[Round "11"]
[White "Brynell, Stellan"]
[Black "Bjork, Carl Magnus"]
[Result "1-0"]
[WhiteElo "2484"]
[BlackElo "2485"]
[PlyCount "105"]
[EventDate "2001.10.12"]
[EventType "team"]
[EventRounds "11"]
[EventCountry "SWE"]
[SourceTitle "EXT 2003"]
[Source "ChessBase"]
[SourceDate "2002.11.25"]
[SourceVersion "1"]
[SourceVersionDate "2002.11.25"]
[SourceQuality "1"]
[WhiteTeam "Limhamn"]
[BlackTeam "Stockholm Rockaden"]
[WhiteTeamCountry "SWE"]
[BlackTeamCountry "SWE"]

1. e4 e6 2. d4 d5 3. Nd2 Nf6 4. e5 Nfd7 5. c3 c5 6. Bd3 Nc6 7. Ne2 cxd4 8. cxd4 Nb6 9. 0-0 Bd7 10. Nf3 Be7 11. Nf4 g6 12. Nh3 Nb4 13. Bb1 Bb5 14. Re1 a5 15. Bh6 a4 16. Nfg5 Bf8 17. Bxf8 Kxf8 18. Qf3 Qe7 19. Nf4 Ke8 20. h4 Kd7 21. Nd3 Bxd3 22. Bxd3 Nxd3 23. Qxd3 Nc4 24. Ne4 Kc7 25. b3 dxe4 26. Qxc4+ Kb8 27. Rac1 axb3 28. axb3 Rd8 29. Rxe4 Ra6 30. Qd3 Rb6 31. Rc4 Rd5 32. Qc3 Qd7 33. Re1 Rc6 34. Re4 Ra6 35. Rf4 Qe8 36. Rc7 Rd7 37. Rc5 Ra2 38. b4 Qd8 39. g3 h6 40. Rc4 Ra4 41. Rf6 Qb6 42. h5 gxh5 43. Rxh6 Rd8 44. Rh7 Qa6 45. Rxf7 Ra3 46. Qc2 h4 47. g4 Rg8 48. Kh2 Ra2 49. Qh7 Qxc4 50. Qxg8+ Ka7 51. Qf8 Qe2 52. Qc5+ Ka6 53. Rf8 1-0

[Event "SWE-chT 0102"]
[Site "Sweden"]
[Date "2002.02.09"]
[Round "7"]
[White "Holmquist, Gunnar"]
[Black "Bjork, Carl Magnus"]
[Result "1/2-1/2"]
[WhiteElo "2246"]
[BlackElo "2485"]
[PlyCount "112"]
[EventDate "2001.10.12"]
[EventType "team"]
[EventRounds "11"]
[EventCountry "SWE"]
[SourceTitle "EXT 2003"]
[Source "ChessBase"]
[SourceDate "2002.11.25"]
[SourceVersion "1"]
[SourceVersionDate "2002.11.25"]
[SourceQuality "1"]
[WhiteTeam "Sodra"]
[BlackTeam "Stockholm Rockaden"]
[WhiteTeamCountry "SWE"]
[BlackTeamCountry "SWE"]

1. Nf3 Nf6 2. c4 g6 3. g3 Bg7 4. Bg2 0-0 5. 0-0 d6 6. Nc3 e5 7. d3 Nc6 8. Rb1 Bd7 9. b4 Qc8 10. Re1 Bh3 11. Bh1 h6 12. a4 Ng4 13. Nd5 Qd7 14. Nd2 f5 15. b5 Nd4 16. e3 Ne6 17. f3 Nf6 18. Bb2 g5 19. d4 exd4 20. exd4 Rae8 21. Nb3 f4 22. Nxf6+ Bxf6 23. Bg2 Bf5 24. Rc1 Qg7 25. g4 Bg6 26. Ba1 h5 27. h3 Re7 28. Qd2 Rfe8 29. Re2 Qh7 30. Bf1 Nf8 31. Rce1 b6 32. Rxe7 Rxe7 33. Rxe7 Qxe7 34. Kf2 hxg4 35. hxg4 Qh7 36. a5 Qh2+ 37. Ke1 Qh1 38. Qg2 Qh7 39. Qd2 Ne6 40. axb6 axb6 41. Qe2 Qf7 42. Bb2 Bg7 43. Qd2 Qe8 44. Kf2 Qa8 45. Qe1 Qa2 46. Qxe6+ Bf7 47. Qc8+ Bf8 48. Qf5 Qxb2+ 49. Kg1 Qxb3 50. Bd3 Qd1+ 51. Kg2 Qd2+ 52. Kh3 Bg7 53. Qc8+ Bf8 54. Qf5 Bg7 55. Qc8+ Bf8 56. Qf5 Bg7 1/2-1/2

[Event "SWE-chT 0102"]
[Site "Sweden"]
[Date "2001.10.14"]
[Round "3"]
[White "Svenn, Matti"]
[Black "Bjork, Carl Magnus"]
[Result "0-1"]
[WhiteElo "2264"]
[BlackElo "2485"]
[PlyCount "120"]
[EventDate "2001.10.12"]
[EventType "team"]
[EventRounds "11"]
[EventCountry "SWE"]
[SourceTitle "EXT 2003"]
[Source "ChessBase"]
[SourceDate "2002.11.25"]
[SourceVersion "1"]
[SourceVersionDate "2002.11.25"]
[SourceQuality "1"]
[WhiteTeam "Kamraterna"]
[BlackTeam "Stockholm Rockaden"]
[WhiteTeamCountry "SWE"]
[BlackTeamCountry "SWE"]

1. d4 Nf6 2. c4 e6 3. Nc3 Bb4 4. Bg5 h6 5. Bh4 c5 6. d5 Bxc3+ 7. bxc3 e5 8. d6 Nc6 9. Qc2 b6 10. e3 Bb7 11. Nf3 0-0 12. Be2 Re8 13. Nd2 Na5 14. Bf3 g5 15. Bg3 e4 16. Be2 Re6 17. h4 Qf8 18. hxg5 hxg5 19. 0-0-0 Qg7 20. Rh3 Qg6 21. Rdh1 Kg7 22. Bh5 Nxh5 23. Rxh5 Rg8 24. Qd1 Kf8 25. Qg4 Bc6 26. Rh8 Qg7 27. Rxg8+ Kxg8 28. Kb2 Nb7 29. Rh5 f6 30. Qf5 Nd8 31. Nf1 Nf7 32. Nh2 Nh6 33. Qh3 f5 34. Rxh6 Qxh6 35. Qxf5 Qg6 36. Qg4 a6 37. Qd1 b5 38. cxb5 axb5 39. Ng4 Qg7 40. Kb3 Re8 41. a3 Kf8 42. Qh1 Bd5+ 43. Kc2 b4 44. axb4 cxb4 45. cxb4 Ba2 46. Qh6 Rc8+ 47. Kd2 Qxh6 48. Nxh6 Be6 49. Be5 Rc4 50. Bc3 Rc6 51. Be5 Ra6 52. Kc2 Ra2+ 53. Bb2 Ke8 54. g4 Ra6 55. Be5 Ra2+ 56. Bb2 Kd8 57. Nf5 Bxf5 58. gxf5 Ke8 59. Kb3 Ra6 60. Be5 Rb6 0-1

[Event "SWE-chT 0001"]
[Site "Sweden"]
[Date "2001.03.18"]
[Round "11"]
[White "Chernin, Alexander"]
[Black "Bjork, Carl Magnus"]
[Result "1/2-1/2"]
[WhiteElo "2633"]
[BlackElo "2475"]
[PlyCount "75"]
[EventDate "2000.10.13"]
[EventType "team"]
[EventRounds "11"]
[EventCountry "SWE"]
[SourceTitle "EXT 2006"]
[Source "ChessBase"]
[SourceDate "2005.11.24"]
[SourceVersion "1"]
[SourceVersionDate "2005.11.24"]
[SourceQuality "1"]
[WhiteTeam "Sollentuna"]
[BlackTeam "Stockholm Rockaden"]
[WhiteTeamCountry "SWE"]
[BlackTeamCountry "SWE"]

1. d4 Nf6 2. c4 e6 3. Nf3 Bb4+ 4. Bd2 Qe7 5. g3 Nc6 6. Nc3 d5 7. Bg2 dxc4 8. a3 Bxc3 9. Bxc3 Nd5 10. Qa4 Nb6 11. Qc2 Bd7 12. 0-0 f6 13. Nd2 h5 14. b3 cxb3 15. Nxb3 Na4 16. e4 Nxc3 17. Qxc3 0-0 18. e5 Rad8 19. Nc5 Be8 20. Rad1 b6 21. Nb7 Rd5 22. f4 f5 23. Bxd5 exd5 24. Rc1 Qe6 25. Rf2 Bd7 26. Rb2 Rb8 27. Nc5 bxc5 28. Rxb8+ Nxb8 29. Qxc5 Nc6 30. Rb1 Be8 31. Kf2 Qd7 32. Rc1 Kf7 33. Ke3 Ke6 34. Qb5 Nd8 35. Qa5 Nc6 36. Qb5 Nd8 37. Qa5 Nc6 38. Qb5 1/2-1/2

[Event "SWE-chT 9900"]
[Site "Sweden"]
[Date "2000.??.??"]
[Round "8"]
[White "Bjork, Carl Magnus"]
[Black "Nilsson, Ove Farsta"]
[Result "1-0"]
[WhiteElo "2334"]
[BlackElo "2160"]
[PlyCount "53"]
[EventDate "1999.11.??"]
[EventType "team"]
[EventRounds "11"]
[EventCountry "SWE"]
[SourceTitle "EXT 2002"]
[Source "ChessBase"]
[SourceDate "2001.11.25"]
[SourceVersion "1"]
[SourceVersionDate "2001.11.25"]
[SourceQuality "1"]

1. d4 Nf6 2. c4 c5 3. d5 e5 4. Nc3 d6 5. e4 Be7 6. Nf3 0-0 7. Be2 Ne8 8. a3 g6 9. Bh6 Ng7 10. h4 Bg4 11. Ng5 Bd7 12. Qd2 Na6 13. h5 Bxg5 14. Bxg5 f6 15. Bh6 Qe7 16. hxg6 hxg6 17. 0-0-0 Rfc8 18. Bxg7 Qxg7 19. Rh6 b5 20. Rdh1 g5 21. Nd1 Rf8 22. Ne3 f5 23. exf5 Rf6 24. Rxf6 Qxf6 25. Ng4 Qg7 26. f6 Qg6 27. Bd3 1-0

[Event "SWE-chT 9900"]
[Site "Sweden"]
[Date "2000.??.??"]
[Round "6"]
[White "Hallerod, Ralph"]
[Black "Bjork, Carl Magnus"]
[Result "0-1"]
[WhiteElo "2123"]
[BlackElo "2334"]
[PlyCount "98"]
[EventDate "1999.11.??"]
[EventType "team"]
[EventRounds "11"]
[EventCountry "SWE"]
[SourceTitle "EXT 2002"]
[Source "ChessBase"]
[SourceDate "2001.11.25"]
[SourceVersion "1"]
[SourceVersionDate "2001.11.25"]
[SourceQuality "1"]

1. d4 Nf6 2. c4 e6 3. Nc3 Bb4 4. e3 b6 5. Nge2 Ba6 6. a3 Bxc3+ 7. Nxc3 d5 8. b3 0-0 9. Be2 Nc6 10. 0-0 dxc4 11. Bxc4 Bxc4 12. bxc4 Na5 13. Qe2 Qd7 14. Ra2 Rfc8 15. c5 bxc5 16. dxc5 Qc6 17. Qb5 Qxb5 18. Nxb5 Nb3 19. Bb2 a6 20. Nd4 Nxd4 21. Bxd4 Nd5 22. Rb2 Ne7 23. Rfb1 Nc6 24. Bc3 Rd8 25. Kf1 f6 26. Ke2 Rd5 27. Rc1 Kf7 28. Be1 e5 29. Rb7 Rd7 30. f3 Ke6 31. e4 Rad8 32. Bc3 Rb8 33. Rxb8 Nxb8 34. Ke3 Nc6 35. Rb1 Rd8 36. a4 Rb8 37. Rxb8 Nxb8 38. Kd3 Kd7 39. Kc4 Kc6 40. Bd2 Nd7 41. Be3 Nf8 42. g3 Ne6 43. f4 exf4 44. gxf4 g6 45. f5 gxf5 46. exf5 Ng7 47. Bd4 Nxf5 48. Bxf6 Ne3+ 49. Kb4 Nd5+ 0-1

[Event "SWE-chT 9899"]
[Site "Sweden"]
[Date "1999.??.??"]
[Round "11"]
[White "Bjork, Carl Magnus"]
[Black "Eriksson, Johan"]
[Result "0-1"]
[WhiteElo "2468"]
[BlackElo "2412"]
[PlyCount "74"]
[EventDate "1998.??.??"]
[EventType "team"]
[EventRounds "11"]
[EventCountry "SWE"]
[SourceTitle "EXT 2000"]
[Source "ChessBase"]
[SourceDate "1999.11.16"]
[SourceVersion "1"]
[SourceVersionDate "1999.11.16"]
[SourceQuality "1"]

1. d4 Nf6 2. c4 g6 3. Nc3 d5 4. Nf3 Bg7 5. cxd5 Nxd5 6. Bd2 0-0 7. Rc1 Nc6 8. Bg5 Nxc3 9. bxc3 Qd5 10. c4 Qa5+ 11. Bd2 Qxa2 12. e3 e5 13. d5 e4 14. Ng5 Ne5 15. Nxe4 Qa3 16. Nc3 Bf5 17. e4 Rfe8 18. f3 Qc5 19. Be2 Bd7 20. Qb3 a5 21. Nb5 Ng4 22. Rf1 a4 23. Qd3 Nxh2 24. Be3 Qb4+ 25. Bd2 Qb2 26. Rh1 a3 27. Nc3 a2 28. Nxa2 Rxa2 29. Rxh2 Be5 30. f4 Bd6 31. Rb1 Qxd2+ 32. Qxd2 Rxd2 33. e5 Ra2 34. Rxb7 Bxe5 35. fxe5 Rxe5 36. g3 Bg4 37. Rxc7 Bxe2 0-1

[Event "SWE-chT 9899"]
[Site "Sweden"]
[Date "1999.??.??"]
[Round "6"]
[White "Nygren, David"]
[Black "Bjork, Carl Magnus"]
[Result "1/2-1/2"]
[WhiteElo "2100"]
[BlackElo "2325"]
[PlyCount "88"]
[EventDate "1998.??.??"]
[EventType "team"]
[EventRounds "11"]
[EventCountry "SWE"]
[SourceTitle "EXT 2000"]
[Source "ChessBase"]
[SourceDate "1999.11.16"]
[SourceVersion "1"]
[SourceVersionDate "1999.11.16"]
[SourceQuality "1"]

1. e4 e6 2. d4 d5 3. Nc3 Bb4 4. e5 c5 5. a3 Bxc3+ 6. bxc3 Ne7 7. Nf3 b6 8. Bb5+ Bd7 9. Bd3 Ba4 10. 0-0 h6 11. Re1 c4 12. Bf1 Nbc6 13. Ra2 Kd7 14. g3 Qg8 15. Nd2 Qh7 16. Bh3 Kc7 17. Nf1 g5 18. Qe2 Rhg8 19. Ne3 h5 20. Bg2 Qg6 21. h3 Rgf8 22. Nd1 f5 23. exf6 Rxf6 24. Qd2 Rg8 25. Re2 Nf5 26. Nb2 Bb5 27. a4 Ba6 28. Nd1 Bc8 29. Ne3 Nxe3 30. Qxe3 Bd7 31. Ba3 Qf5 32. Ra1 Be8 33. Rae1 Rg7 34. Qc1 Bd7 35. Qb1 Qg6 36. Rd2 Rgf7 37. Rde2 Rf5 38. Rf1 Qg8 39. Qe1 Qc8 40. Qd2 R7f6 41. Rfe1 Qg8 42. Qe3 Qf7 43. Rf1 Qg8 44. Rfe1 Qf7 1/2-1/2

[Event "SWE-chT 9899"]
[Site "Sweden"]
[Date "1998.10.18"]
[Round "3"]
[White "Rothen, Hakan Nils Karl"]
[Black "Bjork, Carl Magnus"]
[Result "0-1"]
[WhiteElo "2315"]
[BlackElo "2325"]
[PlyCount "116"]
[EventDate "1998.??.??"]
[EventType "team"]
[EventRounds "11"]
[EventCountry "SWE"]
[SourceTitle "EXT 2000"]
[Source "ChessBase"]
[SourceDate "1999.11.16"]
[SourceVersion "1"]
[SourceVersionDate "1999.11.16"]
[SourceQuality "1"]

1. Nf3 Nf6 2. d4 e6 3. e3 b6 4. Bd3 Bb7 5. Nbd2 c5 6. b3 Nc6 7. c4 cxd4 8. exd4 d5 9. Bb2 Be7 10. 0-0 0-0 11. Qe2 Rc8 12. Rad1 Re8 13. Rfe1 Bf8 14. Qe3 g6 15. Ne5 Bg7 16. f4 Nb4 17. Bb1 dxc4 18. bxc4 Qc7 19. Ndf3 Rcd8 20. Ng5 Re7 21. a3 Nc6 22. Ba2 h6 23. Ngxf7 Rxf7 24. d5 Nxe5 25. Bxe5 Qc8 26. dxe6 Re7 27. Bxf6 Bxf6 28. Qg3 Rxd1 29. Rxd1 Be4 30. c5 Qxc5+ 31. Kh1 Kg7 32. Re1 Bf5 33. h3 Qc3 34. Qf2 Qxa3 35. Kh2 h5 36. Re3 Qc5 37. Qe1 h4 38. Rf3 Qd4 39. g4 hxg3+ 40. Qxg3 b5 41. h4 Re8 42. Qe1 Qe4 43. Qxe4 Bxe4 44. Ra3 Re7 45. Kg3 Bd4 46. Ra5 Bc6 47. Bb3 Kf6 48. Ra2 Bb6 49. Re2 a5 50. Rc2 Be8 51. Rc8 a4 52. Bd5 Bc7 53. Kg4 b4 54. Ra8 b3 55. Ra7 Bb6 56. Ra6 Bd4 57. Bc4 Rc7 58. Bd5 Ra7 0-1

[Event "SWE-chT 9899"]
[Site "Sweden"]
[Date "1998.??.??"]
[Round "5"]
[White "Bjork, Carl Magnus"]
[Black "Burwick, Malte"]
[Result "1-0"]
[WhiteElo "2320"]
[BlackElo "2270"]
[PlyCount "80"]
[EventDate "1998.??.??"]
[EventType "team"]
[EventRounds "11"]
[EventCountry "SWE"]
[SourceTitle "EXT 2000"]
[Source "ChessBase"]
[SourceDate "1999.11.16"]
[SourceVersion "1"]
[SourceVersionDate "1999.11.16"]
[SourceQuality "1"]

1. d4 g6 2. c4 Nf6 3. Nc3 Bg7 4. Bg5 c5 5. d5 d6 6. e3 0-0 7. Bd3 Na6 8. Nf3 Nc7 9. 0-0 Rb8 10. a4 b6 11. Nd2 a6 12. e4 h6 13. Bh4 Bd7 14. Qe2 e5 15. f3 Qe8 16. Bf2 Nh5 17. g3 f5 18. Rfb1 a5 19. exf5 gxf5 20. Bc2 Nf6 21. Kh1 Kh8 22. Rg1 Qh5 23. Rae1 Rg8 24. Nf1 Rbf8 25. Ne3 Qh3 26. Ng2 h5 27. Be3 Rf7 28. Nd1 Ng4 29. fxg4 Qxg4 30. Nh4 Bf8 31. Qxg4 Rxg4 32. b3 Be7 33. Nf3 Ne8 34. Bd2 Rg8 35. Ne3 Ng7 36. Ng2 Rff8 37. Rgf1 Ne8 38. Nfh4 Bxh4 39. Nxh4 e4 40. Bd1 Nf6 1-0

[Event "EU-Cup 12th Group4"]
[Site "Berlin"]
[Date "1996.09.08"]
[Round "3"]
[White "Bjork, Carl Magnus"]
[Black "Polak, Tomas"]
[Result "1/2-1/2"]
[WhiteElo "2320"]
[BlackElo "2445"]
[PlyCount "36"]
[EventDate "1996.09.06"]
[EventType "team-k.o."]
[EventRounds "3"]
[EventCountry "GER"]
[SourceTitle "EXT 2020"]
[Source "ChessBase"]
[SourceDate "2019.10.17"]
[SourceVersion "1"]
[SourceVersionDate "2019.10.17"]
[SourceQuality "1"]
[WhiteTeam "Stockholm Rockaden"]
[BlackTeam "Praha Dukla"]
[WhiteTeamCountry "SWE"]
[BlackTeamCountry "CZE"]

1. d4 Nf6 2. c4 e6 3. Nf3 b6 4. g3 Ba6 5. Nbd2 Bb7 6. Bg2 c5 7. d5 exd5 8. Nh4 Be7 9. Nf5 0-0 10. 0-0 Re8 11. cxd5 Bf8 12. Nc4 Ba6 13. b3 d6 14. Bf4 Nh5 15. Bd2 Bc8 16. e4 Nf6 17. Qc2 Na6 18. Rfe1 b5 1/2-1/2

[Event "SWE-chT 9394"]
[Site "Sweden"]
[Date "1993.??.??"]
[Round "1"]
[White "Andersson, M."]
[Black "Bjork, Carl Magnus"]
[Result "1/2-1/2"]
[WhiteElo "2325"]
[BlackElo "2310"]
[PlyCount "56"]
[EventDate "1993.??.??"]
[EventType "team"]
[EventRounds "9"]
[EventCountry "SWE"]
[SourceTitle "EXT 2000"]
[Source "ChessBase"]
[SourceDate "1999.11.16"]
[SourceVersion "1"]
[SourceVersionDate "1999.11.16"]
[SourceQuality "1"]

1. d4 Nf6 2. c4 e6 3. Nf3 Bb4+ 4. Bd2 Qe7 5. g3 Nc6 6. Nc3 d5 7. Bg2 0-0 8. 0-0 dxc4 9. a3 Bd6 10. Qa4 e5 11. d5 Nd4 12. Qxc4 c5 13. dxc6 Nxc6 14. Ng5 h6 15. Nge4 Nxe4 16. Bxe4 Bh3 17. Bg2 Bxg2 18. Kxg2 Rac8 19. Rad1 Nd4 20. Qd3 Rfd8 21. Be3 Bc5 22. Na4 Ne6 23. Bxc5 Nxc5 24. Qb5 Ne4 25. Rd5 Rxd5 26. Qxd5 Nf6 27. Qb3 b6 28. Nc3 Rd8 1/2-1/2

[Event "SWE-chT 9293"]
[Site "Sweden"]
[Date "1993.??.??"]
[Round "9"]
[White "Hellsten, Johan"]
[Black "Bjork, Carl Magnus"]
[Result "1/2-1/2"]
[WhiteElo "2265"]
[BlackElo "2310"]
[PlyCount "85"]
[EventDate "1992.??.??"]
[EventType "team"]
[EventRounds "9"]
[EventCountry "SWE"]
[SourceTitle "EXT 2000"]
[Source "ChessBase"]
[SourceDate "1999.11.16"]
[SourceVersion "1"]
[SourceVersionDate "1999.11.16"]
[SourceQuality "1"]

1. e4 e6 2. d4 d5 3. Nc3 Bb4 4. e5 c5 5. a3 Bxc3+ 6. bxc3 Ne7 7. Nf3 b6 8. a4 Ba6 9. Bxa6 Nxa6 10. Ba3 Qc7 11. 0-0 Nb8 12. c4 dxc4 13. dxc5 bxc5 14. Qd6 Qxd6 15. exd6 Nd5 16. Rab1 Nd7 17. Rb7 h6 18. a5 a6 19. Nd2 Nc3 20. Nxc4 Nb5 21. Rb1 Kd8 22. R1xb5 axb5 23. Rxb5 Rb8 24. Rxb8+ Nxb8 25. Bxc5 Kc8 26. Bb6 f6 27. Kf1 Kb7 28. Ke2 Kc6 29. Kd3 h5 30. h4 Rh6 31. g3 Rh8 32. Kc3 Rg8 33. Bd4 Kb5 34. Bb6 Kc6 35. Bd4 Na6 36. Kd3 Rb8 37. Bb6 Rh8 38. Bd4 Rg8 39. Kc3 Rf8 40. Be3 Rg8 41. Bd4 Rf8 42. Be3 Rg8 43. Bd4 1/2-1/2

[Event "SWE-chT 9293"]
[Site "Sweden"]
[Date "1992.??.??"]
[Round "4"]
[White "Bjork, Carl Magnus"]
[Black "Ingbrandt, Johan"]
[Result "0-1"]
[WhiteElo "2310"]
[BlackElo "2345"]
[PlyCount "76"]
[EventDate "1992.??.??"]
[EventType "team"]
[EventRounds "9"]
[EventCountry "SWE"]
[SourceTitle "EXT 2006"]
[Source "ChessBase"]
[SourceDate "2005.11.24"]
[SourceVersion "1"]
[SourceVersionDate "2005.11.24"]
[SourceQuality "1"]

1. d4 d5 2. c4 c6 3. Nf3 Nf6 4. Nc3 dxc4 5. e4 b5 6. e5 Nd5 7. a4 e6 8. axb5 Nxc3 9. bxc3 cxb5 10. Ng5 Bb7 11. Qh5 g6 12. Qg4 h6 13. Ne4 Nd7 14. Be2 Qb6 15. 0-0 Bd5 16. Bf3 Qc6 17. Re1 a5 18. Qf4 Be7 19. Re3 b4 20. h4 Kf8 21. Nf6 Nxf6 22. exf6 Bd6 23. Qg4 b3 24. Ba3 Bxa3 25. Rxa3 Bxf3 26. gxf3 a4 27. Qf4 Kg8 28. Re5 b2 29. Re1 Kh7 30. d5 Qxd5 31. Qc7 Rhf8 32. Qe7 Kg8 33. Rb1 Rab8 34. Ra2 Rb7 35. Qa3 Qxf3 36. Raxb2 Rxb2 37. Rxb2 Rd8 38. Kh2 Qxf6 0-1

[Event "Rilton Cup 18th"]
[Site "Stockholm"]
[Date "1988.??.??"]
[Round "?"]
[White "Bjork, Carl Magnus"]
[Black "Cramling, Dan"]
[Result "1-0"]
[WhiteElo "2325"]
[BlackElo "2435"]
[PlyCount "70"]
[EventDate "1988.12.??"]
[EventType "swiss"]
[EventRounds "9"]
[EventCountry "SWE"]
[SourceTitle "CBM 011"]
[Source "ChessBase"]
[SourceDate "1989.08.01"]
[SourceVersion "1"]
[SourceVersionDate "1989.08.01"]
[SourceQuality "1"]

1. d4 d6 2. c4 e5 3. Nf3 exd4 4. Nxd4 g6 5. g3 Bg7 6. Bg2 Ne7 7. Nc3 0-0 8. 0-0 Nd7 9. Qd2 Nc5 10. b3 a5 11. Ba3 c6 12. Rac1 Qb6 13. Rfd1 Re8 14. h3 Bd7 15. e3 Rad8 16. Qe2 Bc8 17. Rd2 Kh8 18. Qd1 Ng8 19. Nde2 Qc7 20. Qc2 Nf6 21. Nd4 Qe7 22. Bb2 h5 23. a3 h4 24. g4 Nfe4 25. Nxe4 Nxe4 26. Bxe4 Qxe4 27. Qxe4 Rxe4 28. Nf3 Bxb2 29. Rxb2 Kg7 30. Rd2 f5 31. gxf5 gxf5 32. Ng5 Re5 33. Rcd1 Rc5 34. Rd4 f4 35. exf4 Bf5 1-0

[Event "Rilton Cup 17th"]
[Site "Stockholm"]
[Date "1987.??.??"]
[Round "?"]
[White "Schneider, Lars Ake"]
[Black "Bjork, Carl Magnus"]
[Result "1/2-1/2"]
[WhiteElo "2435"]
[BlackElo "2345"]
[PlyCount "80"]
[EventDate "1987.12.??"]
[EventType "swiss"]
[EventRounds "9"]
[EventCountry "SWE"]
[SourceTitle "TD"]
[Source "ChessBase"]
[SourceDate "1994.03.01"]
[SourceVersion "1"]
[SourceVersionDate "1994.03.01"]
[SourceQuality "1"]

1. e4 e6 2. d4 d5 3. Nd2 Nf6 4. e5 Nfd7 5. c3 c5 6. f4 Nc6 7. Ndf3 cxd4 8. cxd4 h5 9. Bd3 Nb6 10. Ne2 Bd7 11. 0-0 a5 12. Nc3 g6 13. b3 Nb4 14. Be2 Bc6 15. Bd2 Qd7 16. a3 Na6 17. f5 gxf5 18. Ng5 Bh6 19. Bxh5 0-0-0 20. Rf2 Rdf8 21. Be2 Nc7 22. Nf3 Bxd2 23. Qxd2 a4 24. Nxa4 Bxa4 25. Qa5 Nca8 26. bxa4 Qxa4 27. Qc5+ Kb8 28. Bb5 Qa5 29. a4 Rc8 30. Qd6+ Ka7 31. Rb1 Rc3 32. Rfb2 Rhc8 33. Bf1 R8c6 34. Qf8 Rc1 35. h4 Qc3 36. a5 Qe3+ 37. Kh1 Rxb1 38. Rxb1 Na4 39. Qxf7 Nc7 40. Qf8 Nc3 1/2-1/2

[Event "Rilton Cup-10 1980/81"]
[Site "Stockholm"]
[Date "1981.01.04"]
[Round "9"]
[White "Wedberg, Tom"]
[Black "Bjork, Carl Magnus"]
[Result "1-0"]
[WhiteElo "2420"]
[BlackElo "2350"]
[PlyCount "77"]
[EventDate "1980.12.27"]
[EventType "swiss"]
[EventRounds "9"]
[EventCountry "SWE"]
[SourceTitle "EXT 2018"]
[Source "ChessBase"]
[SourceDate "2017.10.13"]
[SourceVersion "1"]
[SourceVersionDate "2017.10.13"]
[SourceQuality "1"]

1. e4 e6 2. d4 d5 3. Nc3 Bb4 4. e5 c5 5. a3 Bxc3+ 6. bxc3 Ne7 7. Nf3 Nbc6 8. a4 Qa5 9. Bd2 Bd7 10. Rb1 Qc7 11. h4 0-0-0 12. h5 h6 13. Rh4 Na5 14. dxc5 Nac6 15. a5 a6 16. Bd3 Nxe5 17. Nxe5 Qxe5+ 18. Kf1 g5 19. hxg6 Nxg6 20. Rhb4 Bc6 21. Rb6 Kd7 22. Qf3 f5 23. Rxb7+ Bxb7 24. Rxb7+ Kc6 25. Rb6+ Kc7 26. Bxa6 Rb8 27. Qd3 Kd7 28. c4 d4 29. Be3 Ke7 30. Qxd4 Qxd4 31. Bxd4 Rhd8 32. c6 Kd6 33. Rxb8 Rxb8 34. Bb7 Ne7 35. Ba7 Rg8 36. c5+ Ke5 37. c7 Nc8 38. Bb8 Kd4 39. a6 1-0